Sports Quiz

Random Sports or College Quiz
Score 0/20 Timer 07:00
1 Play Today
Hint Answer % Correct
StateCalifornia
93.2%
Team ColorPacific Blue
87.6%
Team ColorGaucho Gold
85.1%
CitySanta Barbara
76.6%
No. of Men's Varsity Sports10
76.4%
No. of Women's Varsity Sports9
69.6%
NicknameGauchos
57.8%
Fight SongGaucho
56.5%
ConferenceBig West
46.2%
Sport w/ most NCAA ChampionshipsMen's Soccer (1)
42.2%
Hint Answer % Correct
Famous Alum: SP Barry ____Zito
36.6%
Primary RivalCal Poly
32.3%
Famous Alum: SP _____ BieberShane
31.7%
Famous Alum: G ______ ShawBrian
29.2%
Basketball ArenaThe Thunderdome
24.3%
Soccer StadiumHarder Stadium
13%
MascotOlé
11.8%
Fight SongBig 'C'
11.2%
Baseball StadiumCaesar Uyesaka Stadium
11.2%
Athletic DirectorJohn McCutcheon
9.9%
Remove Ads.
Support Sporcle.
Get the best of Sporcle when you Go Orange. This ad-free experience offers more features, more stats, and more fun while also helping to support Sporcle. Thank you for becoming a member.

You're not logged in!

Compare scores with friends on all Sporcle quizzes.
OR
Log In

Show Comments

Extras

Top Quizzes Today


Score Distribution

Your Account Isn't Verified!

In order to create a playlist on Sporcle, you need to verify the email address you used during registration. Go to your Sporcle Settings to finish the process.

Report this User

Report this user for behavior that violates our Community Guidelines.

Details: